000 01645nam a2200469 i 4500
001 DIGLKG0003
003 NyNyDIG
008 200806s2013 sp o 000 0 spa d
006 m o d
007 cr |||||||||||
035 _a(OCoLC)1182827754
040 _aDGITA
_beng
_erda
_epn
_cDGITA
020 _a9788490073698
_qeBook
020 _a8490073694
_qeBook
020 _z9788490073681
_qrústica
020 _z8490073686
_qrústica
043 _ae-ur---
050 1 4 _aDK267 ebook
082 0 4 _a947.0842
100 1 _aVallejo, César,
_d1892-1938,
_eauthor.
245 1 0 _aRusia en 1931 :
_breflexiones al pie del Kremlin /
_cCésar Vallejo.
264 1 _3PDF
_aBarcelona :
_bwww.linkgua-digital.com,
_c2013.
264 1 _3ePub
_aBarcelona :
_bwww.linkgua-digital.com,
_c2017.
300 _a1 online resource.
336 _atext
_btxt
_2rdacontent
337 _acomputer
_bc
_2rdamedia
338 _aonline resource
_bcr
_2rdacarrier
347 _atext file
_2rdaft
347 _bPDF
347 _bEPUB
490 1 _aLinkgua Historia
588 0 _aOnline resource; title from PDF/ePub title page (Digitalia, viewed August 10, 2020)
651 0 _aSoviet Union
_xSocial conditions.
655 0 _aElectronic books.
791 2 _aDigitalia (Firm),
_edistributor.
793 0 _gDigitalia eBook Collection:
_aLinkgua
776 0 8 _iPrint version:
_aVallejo, César, 1892-1938.
_tRusia en 1931.
_dBarcelona :
_bLinkgua Digital, 2013
_z9788490073681
830 0 _aLinkgua historia ;
_v408.
856 4 0 _3Digitalia Hispánica
_uhttps://www.digitaliapublishing.com/a/24011/
910 _aPremium collection: 2020
942 _cRAA
999 _c238043
_d238043